01078nam a2200253 a 450000100060000000300080000600500170001400800410003103500190007204000320009104100080012308200130013111100830014424502910022726000470051830000260056550400200059165000240061165000250063565100400066065100390070070000360073971000490077524017BD-RjUL20211209001011.0140312s1950 onc 101 0 eng d a(BD-RjUL)24082 aZCLcZCLdEQOdBD-RjULbeng aeng a942bCHA2 aBritish Commonwealth Relations Conferenced1949 :cBigwin Island, Ont.)n(4th.14aThe changing Commonwealth :bproceedings of the fourth unofficial Commonwealth Relations Conference held at Bigwin Inn, Ontario, Canada, September 8-18, 1949 /cedited by F.H. Soward ; foreword by R.M. Fowler. Issued under the auspices of the Canadian Institute of International Affairs aToronto :bOxford University Press,c1950. axiv, 268 p. ;c22 cm. aIncludes index. 0aImperial federation 0aColoniesxCongresses 0aGreat BritainxColoniesxCongresses 0aCommonwealth countriesxCongresses1 aSoward, Frederic Hubert,d1899-2 aCanadian Institute of International Affairs.